000 01369nam a22002177a 4500
999 _c64114
_d64114
003 Ge_BSU
005 20260407160148.0
008 260407s2022 ge ||||| |||| 00| 0 geo d
020 _a9789941846915
041 _ageo
080 _a004.421 : 004.056.55 ბ-58
100 _aბესელია, ლალი
_927275
245 _aკრიპტოგრაფიული ალგორითმები: მაგალითები და პროგრამული კოდები :
_b[სახელმძღვანელო] /
_cლალი ბესელია, ინგა გაბისონია, სოფია შენგელია; რედაქტორი სოფია შენგელია.
264 _aთბილისი,
_c2022.
300 _a196 გვ. :
_bნახ. ;
_c20 სმ.
500 _aგამოიცა შოთა რუსთაველის საქართველოს ეროვნული სამეცნიერო ფონდის მხარდაჭერით
504 _aბიბლიოგრაფია: გვ. 193-195.
700 _aგაბისონია, ინგა
_eავტორი
_927276
700 _aშენგელია, სოფია
_eავტორი, რედაქტორი
_927277
942 _2udc
_cᲬᲘᲒᲜᲘ